000 00815cam a22002651 4500
001 sa 67006795
003 DLC
005 20260227112410.0
008 880401s1967 ii k 000 0 eng
010 _asa 67006795
035 _a(OCoLC)17723560
040 _aDLC
_cIUB
_dIUB
_dDLC
042 _apremarc
043 _aa-ii---
050 0 0 _aKNS3147
_b.C43 1967
082 _a340
100 1 _aChaturvedi, K.
245 1 4 _aThe principles of sales tax laws.
250 _a4th rev. ed.
260 _aCalcutta,
_bEastern Law House,
_c1967.
300 _accxxx, 1276 p.
_bforms.
_c26 cm.
500 _aThe Bengal finance (sales tax) act, 1941, and the Bengal sales tax rules, 1941 being the supplement to the 4th ed. of the Principles ... 1968.
650 0 _aSales tax
_zIndia.
710 1 _aIndia.
_kLaws, etc.
999 _c76163
_d76163